Statistics for LIST OF SPONGEBOB EPISODES FROM SEASON 1

Click here to take the quiz!

General Stats

  • This quiz has been taken 51 times
  • The average score is 18 of 41

Answer Stats

Hint Answer % Correct
1st Epsiode EverHelp Wanted
94%
2nd Episode EverReef Blower
91%
3rd Epsiode EverTea At The Treedom
85%
Episode 5BPlankton!
70%
Episode 6BBoating School
64%
Episode 4ABubblestand
61%
Episode 4BRipped Pants
61%
Episode 20A (It's A State)Texas
61%
Episode 5AJellyfishing
58%
Episode 8AMermaid Man and Barnacle Boy
55%
Episode 20BWalking Small
48%
Epsiode 15BI Was A Teenage Gary
45%
Episode 17BSuds
42%
Episode 18BThe Paper
42%
Episode 12ACulture Shock
42%
Episode 22BMermaid Man And Barnacle Boy II
42%
Episode 7APizza Delivery
42%
Episode 6ANaughty Nautical Neighbors
42%
Episode 18AValentine's Day
39%
Episode 19BRock Bottom
39%
Episode 16ASB-129
39%
Episode 17ASleepy Time
36%
Episode 22AHooky
36%
Episode 10BSqueaky Boots
36%
Episode 21AFools In April
36%
Episode 21BNeptune's Spatula
33%
Episode 12BF.U.N
33%
Episode 9AHall Monitor
33%
Episode 13AMuscleBob BuffPants
33%
Episode 7BHome Sweet Pineapple
33%
Episode 10ASandy's Rocket
33%
Episode 8BPickles
30%
Episode 15AScaredy Pants
30%
Episode 19AArrgh!
30%
Episode 11BOpposite Day
27%
Episode 13BSquidward the Unfriendly Ghost
27%
Episode 9BJellyfish Jam
27%
Episode 11ANature Pants
27%
Episode 14BEmployee Of The Month
24%
Episode 16BKarate Choppers
21%
Esipode 14AThe Chaperone
21%

Score Distribution

Percentile by Number Answered

Percent of People with Each Score

Your Score History

You have not taken this quiz